| 000 | 00556nam a2200193 a 4500 | ||
|---|---|---|---|
| 005 | 20210219153059.0 | ||
| 008 | 991125n 000 0 spa u | ||
| 035 | _aUPN01000076710 | ||
| 222 | _aREVISTA DE LA EDUCACION SUPERIOR | ||
| 245 | _aEntrega de los premios nacionales de ciencias y artes 1995 | ||
| 300 | _a155-170 | ||
| 362 | _a1996 25 (1), no. 97 ene.-mar. | ||
| 653 | 0 | _aMEXICO | |
| 653 | 0 | _aPREMIO NACIONAL DE CIENCIAS Y ARTES | |
| 653 | 0 | _aPREMIOS | |
| 653 | 0 | _aRECONOCIMIENTO PROFESIONAL | |
| 904 |
_aAC _b014521 |
||
| 905 | _aArticulo | ||
| 999 |
_c67943 _d67943 |
||